Представление документа в формате RUSMARC

ПолеНазваниеЗначение
  Тип записи a
  Библиографический уровень m
001 Контрольный номер RU/SLIB/B/208733791
005 Дата корректировки 20220117121658.3
010 Индекс ISBN __
d Цена 1000-00
101 Язык документа 0_
a Язык текста rus
200 Заглавие и сведения об ответственности 1_
a Заглавие Конституция Российской Федерации
b Общее обозначение материала Текст
210 Выходные данные 1_
a Место издания М.
c Издательство Юрид. лит.
d Дата издания 1993
215 Физическое описание __
a Объем 64 с.
606 Тематические рубрики __
a Основная рубрика Конституционное (государственное) право в целом
y Географическая подрубрика Россия
610 Ключевые слова 0_
a Ключевые слова конституции
686 Индексы других классификаций __
a Классификационный индекс 67.400.11(2Рос)-3; ст67.400
801 Источник записи _0
a Страна RU
b Организация Муниципальное бюджетное учреждение культуры "Централизованная библиотечная система" г. Сургут (Центральная городская библиотека им. А. С. Пушкина)
g Правила каталогизации КиК/Михайлова
801 Источник записи _1
a Страна RU
b Организация Муниципальное бюджетное учреждение культуры "Централизованная библиотечная система" г. Сургут (Центральная городская библиотека им. А. С. Пушкина)
g Правила каталогизации КиК/Михайлова
852 Данные о местонахождении __
j Шифр хранения 67.400.11(2Рос)-3
c Каталожный индекс 67.400.1(2Рос)-3
i Авторский знак К 65
p Инвентарный номер 49889
901 Тип документа __
t Тип документа m
990 Данные о заказе (DOS) __
j Количество экземпляров (DOS) 1